LEADER 02391nam 2200481z- 450 001 9910946479803321 005 20211215 010 $a3-205-21356-4 035 $a(CKB)5700000000000387 035 $a(oapen)https://directory.doabooks.org/handle/20.500.12854/74929 035 $a(oapen)doab74929 035 $a(EXLCZ)995700000000000387 100 $a20202112d2021 |y 0 101 0 $aita 135 $aurmn|---annan 181 $ctxt$2rdacontent 182 $cc$2rdamedia 183 $acr$2rdacarrier 200 00$aApostolo Zeno: Poesie drammatiche, Parte I, Volume 2: Parte I: Venezia e oltre Vol. 2: da Il Venceslao (1703) ad Alessandro Severo (1717) 210 $d2021 215 $a1 online resource 311 08$a3-205-21355-6 330 $aDie vorgelegte Textausgabe entha?lt den ersten Teil einer kritischen Edition des Gesamtwerks der dramatischen Dichtungen von Apostolo Zeno. Band I.2 entha?lt 9 Libretti: Il Venceslao, Aminta, Pirro, Il Teuzzone, L'Amor generoso, Atenaide, Scipione nelle Spagne, Merope, Alessandro Severo. Parte I Volume 1: https://e-book.fwf.ac.at/o:1587 Parte I Volume 2: https://e-book.fwf.ac.at/o:1588 330 $aThis is the first part of a critical edition of the complete dramatic works by Apostolo Zeno. Vol. I.2 offers 9 librettos: Il Venceslao, Aminta, Pirro, Il Teuzzone, L'Amor generoso, Atenaide, Scipione nelle Spagne, Merope, Alessandro Severo. Parte I Volume 1: https://e-book.fwf.ac.at/o:1587 Parte I Volume 2: https://e-book.fwf.ac.at/o:1588 517 $aApostolo Zeno 606 $aArt music, orchestral and formal music$2bicssc 606 $aBaroque$2bicssc 606 $aMusical scores, lyrics and libretti$2bicssc 610 $aLibretto; History of Music 610 $aLibretto; Musikgeschichte 610 $aO?FOS 2012, Musicology 610 $aO?FOS 2012, Musikwissenschaft 610 $aO?FOS 2012, Romance studies 610 $aO?FOS 2012, Romanistik 615 7$aArt music, orchestral and formal music 615 7$aBaroque 615 7$aMusical scores, lyrics and libretti 700 $aNoe$b Alfred$4auth$0801955 702 $aDe Feo$b Adriana$4auth 906 $aBOOK 912 $a9910946479803321 996 $aApostolo Zeno: Poesie drammatiche, Parte I, Volume 2: Parte I: Venezia e oltre Vol. 2: da Il Venceslao (1703) ad Alessandro Severo (1717)$94417719 997 $aUNINA LEADER 04109nam 22007455 450 001 9910920447603321 005 20260226000117.0 010 $a9783031296208 010 $a3031296206 024 7 $a10.1007/978-3-031-29620-8 035 $a(MiAaPQ)EBC31862485 035 $a(Au-PeEL)EBL31862485 035 $a(CKB)37093815000041 035 $a(DE-He213)978-3-031-29620-8 035 $a(OCoLC)1482817046 035 $a(EXLCZ)9937093815000041 100 $a20241227d2024 u| 0 101 0 $aeng 135 $aurcnu|||||||| 181 $ctxt$2rdacontent 182 $cc$2rdamedia 183 $acr$2rdacarrier 200 10$aAgainst The Mafia $eThe Classic Italian Writings /$fedited by Nando dalla Chiesa, Christina Jerne 205 $a1st ed. 2024. 210 1$aCham :$cSpringer Nature Switzerland :$cImprint: Palgrave Macmillan,$d2024. 215 $a1 online resource (310 pages) 311 08$a9783031296192 311 08$a3031296192 330 $aThis collection of classic texts offers a longitudinal overview of the Italian mafia through the eyes of those who have questioned it in the past 144 years. It presents English translations of the key works of, among others, judges (Giovanni Falcone), political theorists (Gaetano Mosca), trade unionists (Pio La Torre), journalists (Giuseppe Fava), generals (Carlo Alberto Dalla Chiesa), and priests (Don Diana). These critical voices have been foundational to shaping the way Italian culture, policies and legislation relate to the mafia phenomenon. They represent different political standpoints, from elitism to communism, as well as vastly different times, from post-feudalism to hyper globalization. This book offers a rare (and hitherto untranslated) insight into, not only the history of the Italian mafia and its conceptualizations, but also into the movement against the mafia, which is one of the longest lasting (and most unrecognized) European social movements. It provides a useful historical archive of Italian political and sociological thought and a diversity of perspectives through which to tackle a complex and increasingly global criminological issue, making it relevant for those interested in Italian studies, political theory, sociology, criminology, legal studies, and history. Nando dalla Chiesa is Professor of Sociology of Organised Crime at the University of Milan, Italy. He has published numerous articles, books, and essays dedicated to understanding the mafia phenomenon from different angles. He is also a politician and the honorary president of Italy´s largest anti-mafia organisation, Libera. Christina Jerne is Assistant Professor at the Centre for Global Criminology at the University of Copenhagen, Denmark. She has published several articles on the topics of criminal enterprise, economic diversity and social movements. She is a member of the Community Economies Institute. 606 $aOrganized crime 606 $aItaly$xHistory 606 $aTerrorism 606 $aPolitical violence 606 $aPolitical science 606 $aCriminal behavior 606 $aEurope$xPolitics and government 606 $aOrganized Crime 606 $aHistory of Italy 606 $aTerrorism and Political Violence 606 $aPolitical Theory 606 $aCriminal Behavior 606 $aEuropean Politics 615 0$aOrganized crime. 615 0$aItaly$xHistory. 615 0$aTerrorism. 615 0$aPolitical violence. 615 0$aPolitical science. 615 0$aCriminal behavior. 615 0$aEurope$xPolitics and government. 615 14$aOrganized Crime. 615 24$aHistory of Italy. 615 24$aTerrorism and Political Violence. 615 24$aPolitical Theory. 615 24$aCriminal Behavior. 615 24$aEuropean Politics. 676 $a364.106 700 $aDalla Chiesa$b Nando$f1949-$0123293 701 $aJerne$b Christina$f1989-$01895527 801 0$bMiAaPQ 801 1$bMiAaPQ 801 2$bMiAaPQ 906 $aBOOK 912 $a9910920447603321 996 $aAgainst The Mafia$94548478 997 $aUNINA